Statistics for Hugo Weaving Filmography

Click here to take the quiz!

General Stats

  • This quiz has been taken 48 times
    (3 since last reset)
  • The average score is 14 of 140

Answer Stats

TypeYearName% Correct
Film2003The Lord of the Rings: The Return of the King
100%
Film2002The Lord of the Rings: The Two Towers
100%
Film1999The Matrix
100%
Film2003The Matrix Reloaded
100%
Film2003The Matrix Revolutions
100%
Film1995Babe
67%
Film1991Proof
67%
Film1994The Adventures of Priscilla, Queen of the Desert
67%
Film2014The Hobbit: The Battle of the Five Armies
67%
Film2001The Lord of the Rings: The Fellowship of the Ring
67%
Film1998Babe: Pig in the City
33%
Film2011Captain America: The First Avenger
33%
Film2012Cloud Atlas
33%
Film2016Hacksaw Ridge
33%
Film2006Happy Feet
33%
Film2011Happy Feet Two
33%
Web Series2023Koala Man
33%
Film2010Legend of the Guardians: The Owls of Ga'Hoole
33%
Film2005Little Fish
33%
Film2018Mortal Engines
33%
Web SeriesTBASlow Horses
33%
Film2012The Hobbit: An Unexpected Journey
33%
Film1998The Interview
33%
Film2023The Royal Hotel
33%
Film2007Transformers
33%
Film2011Transformers: Dark of the Moon
33%
Film2009Transformers: Revenge of the Fallen
33%
Film2005V for Vendetta
33%
TV Film2003After the Deluge
0%
Film1990...Almost
0%
Theater1982A Map of the World
0%
Theater1986A Midsummer Night's Dream
0%
Theater1994Arcadia
0%
Theater1982As You Desire Me
0%
Documentary Series2019-PresentAustralia in Colour
0%
TV Mini-Series1989Bangkok Hilton
0%
Film1998Bedrooms and Hallways
0%
Film2018Black '47
0%
TV Mini-Series1984Bodyline
0%
TV Mini-Series1995Bordertown
0%
Theater2019Cat on a Hot Tin Roof
0%
Short Film2020Cinema Quarantine: Das Bad
0%
TV Film1988Dadah Is Death
0%
Theater1988Don's Party
0%
Theater1993Egmont
0%
Theater2015Endgame
0%
Video Game2003Enter the Matrix
0%
Film2004everything goes
0%
Film1994Exile
0%
Film2022Expired
0%
Documentary Series2014First Contact
0%
Film1986For Love Alone
0%
Film1993Frauds
0%
TV Mini-Series1987Frontier
0%
Commercial2013General Electric
0%
Theater2009God of Carnage
0%
Theater1983Gossip from the Forest
0%
TV Show1998Halifax f.p.
0%
Film2014Healing
0%
Film2019Hearts and Bones
0%
Theater2004, 2006Hedda Gabler
0%
Film2003Horseplay
0%
FilmTBAHow to Make Gravy
0%
Music Video1994I Love the Nightlife
0%
Documentary2007In the Company of Actors
0%
TV Documentary2010I, Spry
0%
Film2017Jasper Jones
0%
Theater1989Julius Caesar
0%
Film2009Last Ride
0%
Theater1987, 2012Les Liaisons Dangereuses
0%
Film1999Little Echo Lost
0%
Film2021Lone Wolf
0%
Web Series2021-PresentLove Me
0%
Theater1982, 2014Macbeth
0%
Short Film2014Manny Gets Censored
0%
Film1981...Maybe This Time
0%
Film2020Measure for Measure
0%
TV Mini-Series1988Melba
0%
Web Series2021Mr. Corman
0%
Theater1993Much Ado About Nothing
0%
Film2013Mystery Road
0%
TV Show1996Naked: Stories of Men
0%
TV Show2015New Davincibles
0%
Film2010Oranges and Sunshine
0%
TV Mini-Series2018Patrick Melrose
0%
Film2004Peaches
0%
Theater1985Private Lives
0%
TV Show2010Rake
0%
Film1993Reckless Kelly
0%
Theater2007Riflemind
0%
Theater1989Ring Around the Moon
0%
Short Film1992Road to Alice
0%
Film2001Russian Doll
0%
TV Show1993Seven Deadly Sins
0%
TV Show2017Seven Types of Ambiguity
0%
Film1986Sky Pirates
0%
Theater2019Solaris
0%
Film1999Strange Planet
0%
Film2015Strangerland
0%
Documentary2009Tackling Peace
0%
Theater1996The Alchemist
0%
TV Mini-Series1996The Bite
0%
Theater1995The Blind Giant Is Dancing
0%
Theater1983The Cherry Orchard
0%
Film1983The City's Edge
0%
Film1993The Custodian
0%
TV Mini-Series1988The Dirtwater Dynasty
0%
Film2015The Dressmaker
0%
Film1998The Kiss
0%
Video Game2009The Lord of the Rings: Conquest
0%
Video Games2006The Lord of the Rings: The Battle for Middle-earth II
0%
Film2000The Magic Pudding
0%
Film2014The Mule
0%
Film2001The Old Man Who Read Love Stories
0%
Theater1982The Perfectionist
0%
Theater1993The Popular Mechanicals
0%
Theater2003The Real Thing
0%
Theater2018The Resistible Rise of Arturo Ui
0%
Film1987The Right Hand Man
0%
Film2023The Rooster
0%
Short Film2007The Rose of Ba Ziz
0%
Theater1990The Secret Rapture
0%
Theater1991The Taming of the Shrew
0%
Film2008The Tender Hook
0%
Theater1973The Thwarting of Baron Bolligrew
0%
Film2013The Turning
0%
Theater1983The Way of the World
0%
Theater2000The White Devil
0%
Film2010The Wolfman
0%
Theater1993Three
0%
Short Film1999True Colours
0%
Film1997True Love and Chaos
0%
Documentary Series1994True Stories
0%
Theater2010-2012Uncle Vanya
0%
Theater2013Waiting for Godot
0%
Short Film2017We're All Going to Die
0%
Short Film1995What's Going On, Frank?
0%
Short Documentary1996Wild Australia: The Edge
0%
Theater2020Wonnangatta
0%
Theater1982You Can't Take It with You
0%

Score Distribution

Percentile by Number Answered

Percent of People with Each Score

Your Score History

You have not taken this quiz since the last reset